书目信息 |
| 题名: |
日本文化研究
|
|
| 作者: | 荆苗苗 , 刘晓昱 , 张华 著 | |
| 分册: | ||
| 出版信息: | 长春 吉林出版集团股份有限公司 2020.4 |
|
| 页数: | 240页 | |
| 开本: | 23cm | |
| 丛书名: | ||
| 单 册: | ||
| 中图分类: | G131.3 | |
| 科图分类: | ||
| 主题词: | 文化研究--wen hua yan jiu--日本 | |
| 电子资源: | ||
| ISBN: | 978-7-5581-8307-2 | |
| 000 | 01049nam0 2200253 450 | |
| 001 | 2159269637 | |
| 005 | 20210926145351.0 | |
| 010 | @a978-7-5581-8307-2@dCNY68.00 | |
| 100 | @a20200426d2020 em y0chiy0110 ea | |
| 101 | 0 | @achi |
| 102 | @aCN@b220000 | |
| 105 | @ay z 000yy | |
| 106 | @ar | |
| 200 | 1 | @a日本文化研究@Ari ben wen hua yan jiu@f荆苗苗, 刘晓昱, 张华著 |
| 210 | @a长春@c吉林出版集团股份有限公司@d2020.4 | |
| 215 | @a240页@d23cm | |
| 330 | @a本书通过对日本文化的全面介绍和总结,提炼出了一系列日本文化的典型特征,这些特征深刻地影响了日本的方方面面,本书探讨了日本文化视野下解读日本文学的相关问题。随着时代的变迁,文化有了多层次多视角的延展,本书以层层递进的方式,对日本文化的探析,包含日本文化发展、日本文学、日本人的 “道”文化、日本人的服饰与饮食以及日本人的节日与礼仪。 | |
| 606 | 0 | @a文化研究@Awen hua yan jiu@y日本 |
| 690 | @aG131.3@v5 | |
| 701 | 0 | @a荆苗苗@Ajing miao miao@4著 |
| 701 | 0 | @a刘晓昱@Aliu xiao yu@4著 |
| 701 | 0 | @a张华@Azhang hua@4著 |
| 801 | 0 | @aCN@b百万庄@c20210926 |
| 905 | @b1299716-19@dG131.3@e328@f4 | |
| 日本文化研究/荆苗苗, 刘晓昱, 张华著.-长春:吉林出版集团股份有限公司,2020.4 |
| 240页;23cm |
| ISBN 978-7-5581-8307-2:CNY68.00 |
| 本书通过对日本文化的全面介绍和总结,提炼出了一系列日本文化的典型特征,这些特征深刻地影响了日本的方方面面,本书探讨了日本文化视野下解读日本文学的相关问题。随着时代的变迁,文化有了多层次多视角的延展,本书以层层递进的方式,对日本文化的探析,包含日本文化发展、日本文学、日本人的 “道”文化、日本人的服饰与饮食以及日本人的节日与礼仪。 |
| ● |
| 相关链接 |
|
|
|
|
正题名:日本文化研究
索取号:G131.3/328
 
预约/预借
| 序号 | 登录号 | 条形码 | 馆藏地/架位号 | 状态 | 备注 |
| 1 | 1299716 | 212997168 | 第一样本阅览室/ [索取号:G131.3/328] | 在馆 | |
| 2 | 1299717 | 212997177 | 第四借阅区/ [索取号:G131.3/328] | 在馆 | |
| 3 | 1299718 | 212997186 | 第四借阅区/ [索取号:G131.3/328] | 在馆 | |
| 4 | 1299719 | 212997195 | 第四借阅区/ [索取号:G131.3/328] | 在馆 |